| 000 | 00417nam a2200145 a 4500 | ||
|---|---|---|---|
| 001 | 000032034 | ||
| 005 | 20200930063356.0 | ||
| 008 | 110712s1983 dr 000 0 spa d | ||
| 040 |
_aDO-SdBNP _bspa _cBNPHU |
||
| 100 | 1 |
_aMejía Constanzo, Rafael _9418 |
|
| 245 | 1 | 0 |
_aDinámica de la comunicación / _cRafael Mejía Constanzo. |
| 260 |
_aSanto Domingo : _b[s.n.], _c1983. |
||
| 300 |
_a19 p. ; _c22 cm. |
||
| 049 | _aBNPD | ||
| 999 |
_c31525 _d31525 |
||